[Event "Moscow Open A,B"]
[Site "?"]
[Date "2017.01.28"]
[Round "1.15"]
[White "Rozhkov, Viacheslav"]
[Black "Stupak, Kirill"]
[Result "0-1"]
[BlackElo "2562"]
[WhiteElo "2303"]
[LiveChessVersion "1.4.8"]

1. e4 {[%clk 1:30:55]} e6 {[%clk 1:30:33]} 2. d4 {[%clk 1:31:04]} d5
{[%clk 1:30:59]} 3. e5 {[%clk 1:31:24]} c5 {[%clk 1:31:25]} 4. c3
{[%clk 1:31:45]} Qb6 {[%clk 1:31:54]} 5. Nf3 {[%clk 1:30:38]} Nc6
{[%clk 1:32:22]} 6. a3 {[%clk 1:30:57]} f6 {[%clk 1:32:50]} 7. Bd3
{[%clk 1:29:49]} fxe5 {[%clk 1:33:15]} 8. Nxe5 Nf6 {[%clk 1:28:05]} 9. O-O
{[%clk 1:25:12]} Bd6 {[%clk 1:28:33]} 10. Ng4 {[%clk 1:13:31]} O-O
{[%clk 1:22:02]} 11. Nxf6+ Rxf6 {[%clk 1:22:25]} 12. Bg5 {[%clk 1:13:26]} Rf7
{[%clk 1:22:25]} 13. Qc2 {[%clk 1:00:11]} h6 {[%clk 1:18:04]} 14. Bh7+
{[%clk 0:51:13]} Kh8 {[%clk 1:14:24]} 15. Bg6 {[%clk 0:44:57]} Rf8
{[%clk 1:13:51]} 16. Be3 {[%clk 0:29:45]} cxd4 {[%clk 0:58:52]} 17. cxd4
{[%clk 0:30:09]} Bf4 {[%clk 0:59:01]} 18. Nc3 {[%clk 0:27:19]} Bd7
{[%clk 0:54:59]} 19. g3 {[%clk 0:26:34]} Bxe3 {[%clk 0:50:13]} 20. fxe3
{[%clk 0:26:49]} Ne7 {[%clk 0:50:42]} 21. Rf7 Nxg6 {[%clk 0:45:18]} 22. Rxd7
{[%clk 0:17:27]} Qc6 {[%clk 0:37:37]} 23. Qa4 {[%clk 0:17:12]} Qc8 24. Rd6
{[%clk 0:10:28]} Rf7 {[%clk 0:33:41]} 25. Ne2 {[%clk 0:07:49]} Rf3
{[%clk 0:18:43]} 26. Nf4 {[%clk 0:02:49]} Nf8 {[%clk 0:13:47]} 27. Re1
{[%clk 0:01:11]} Qc7 {[%clk 0:14:16]} 28. Qb4 {[%clk 0:00:56]} Qc2
{[%clk 0:14:45]} 29. Re2 {[%clk 0:01:20]} Qe4 {[%clk 0:15:05]} 30. Qc3
{[%clk 0:01:12]} Rc8 {[%clk 0:15:24]} 31. Qe1 {[%clk 0:01:07]} Kg8
{[%clk 0:10:00]} 32. Nh3 {[%clk 0:01:14]} Rc2 {[%clk 0:02:30]} 33. Rxc2
{[%clk 0:00:49]} Qxc2 {[%clk 0:02:58]} 34. Rd8 {[%clk 0:00:40]} Kh7
{[%clk 0:00:48]} 35. Nf4 {[%clk 0:00:55]} Ng6 {[%clk 0:00:45]} 36. Nxe6
{[%clk 0:01:01]} Qe4 {[%clk 0:00:39]} 37. Re8 {[%clk 0:01:30]} Qc2
{[%clk 0:00:35]} 38. b4 {[%clk 0:01:04]} Qc6 {[%clk 0:00:50]} 0-1

[Event "Moscow Open A,B"]
[Site "?"]
[Date "2017.01.29"]
[Round "2.1"]
[White "Artemiev, Vladislav"]
[Black "Golubev, Roman"]
[Result "1-0"]
[BlackElo "2380"]
[WhiteElo "2655"]
[LiveChessVersion "1.4.8"]

1. Nf3 {[%clk 1:30:20]} Nf6 {[%clk 1:30:21]} 2. g3 {[%clk 1:30:04]} c5
{[%clk 1:29:16]} 3. Bg2 {[%clk 1:29:52]} Nc6 {[%clk 1:28:01]} 4. c4
{[%clk 1:27:01]} g6 {[%clk 1:25:25]} 5. d4 {[%clk 1:26:40]} cxd4 {[%clk 1:22:42]}
6. Nxd4 {[%clk 1:26:59]} Bg7 {[%clk 1:21:36]} 7. Nc3 {[%clk 1:26:43]} O-O
{[%clk 1:20:39]} 8. O-O {[%clk 1:26:51]} Qb6 {[%clk 1:12:35]} 9. Nc2
{[%clk 1:18:23]} d6 {[%clk 1:10:48]} 10. b3 {[%clk 1:15:13]} Qa5 {[%clk 1:06:58]}
11. Qd2 {[%clk 1:09:34]} Qh5 {[%clk 1:01:51]} 12. Qg5 {[%clk 1:06:19]} Qxg5
{[%clk 0:59:58]} 13. Bxg5 {[%clk 1:06:40]} Nd7 {[%clk 0:57:17]} 14. Bd2
{[%clk 1:04:25]} a5 {[%clk 0:54:10]} 15. Ne3 {[%clk 0:59:33]} Nc5
{[%clk 0:51:07]} 16. Ned5 {[%clk 0:57:54]} Be6 {[%clk 0:48:01]} 17. Rac1
{[%clk 0:54:21]} Bxc3 {[%clk 0:41:16]} 18. Rxc3 {[%clk 0:49:18]} Bxd5
{[%clk 0:38:01]} 19. cxd5 {[%clk 0:49:34]} Nd4 {[%clk 0:32:25]} 20. Re1
{[%clk 0:47:38]} Rfc8 {[%clk 0:31:22]} 21. Bh3 {[%clk 0:36:01]} Rc7
{[%clk 0:29:32]} 22. Rc4 {[%clk 0:35:00]} Nb5 {[%clk 0:28:44]} 23. e4
{[%clk 0:31:35]} Na3 {[%clk 0:26:22]} 24. Rcc1 {[%clk 0:29:23]} b5
{[%clk 0:25:16]} 25. e5 {[%clk 0:26:52]} b4 {[%clk 0:24:04]} 26. exd6
{[%clk 0:22:20]} exd6 {[%clk 0:24:30]} 27. Bf1 {[%clk 0:22:38]} Kg7
{[%clk 0:22:55]} 28. Be3 {[%clk 0:20:55]} Rd8 {[%clk 0:21:17]} 29. Bd4+
{[%clk 0:18:59]} f6 {[%clk 0:20:49]} 30. Re3 {[%clk 0:18:01]} h5 {[%clk 0:16:27]}
31. Rf3 {[%clk 0:15:53]} Rf8 {[%clk 0:16:25]} 32. Re3 {[%clk 0:09:51]} Rd8
{[%clk 0:14:22]} 33. h4 {[%clk 0:09:46]} Rdd7 {[%clk 0:11:32]} 34. Re8
{[%clk 0:08:36]} Kf7 {[%clk 0:10:44]} 35. Rh8 {[%clk 0:06:19]} Kg7
{[%clk 0:10:40]} 36. Ra8 {[%clk 0:06:29]} Ne4 {[%clk 0:10:40]} 37. Rc6
{[%clk 0:05:08]} Nc3 {[%clk 0:08:59]} 38. Bb6 {[%clk 0:03:49]} Rb7
{[%clk 0:08:17]} 39. Ba6 {[%clk 0:03:07]} Rxb6 {[%clk 0:07:02]} 40. Rxb6
{[%clk 0:33:30]} Nxd5 {[%clk 0:36:18]} 41. Rb7 {[%clk 0:29:25]} Rxb7
{[%clk 0:35:20]} 42. Bxb7 {[%clk 0:29:46]} Nc3 {[%clk 0:35:25]} 43. Rxa5
{[%clk 0:30:08]} Kf7 {[%clk 0:33:36]} 44. Bd5+ {[%clk 0:28:05]} Kg7
{[%clk 0:30:26]} 45. Ra7+ {[%clk 0:25:22]} Kf8 {[%clk 0:26:57]} 46. Bf7
{[%clk 0:22:49]} Kg7 {[%clk 0:26:42]} 47. Be8+ {[%clk 0:20:06]} Kh6
{[%clk 0:26:58]} 48. Rf7 {[%clk 0:20:15]} 1-0

[Event "Moscow Open A,B"]
[Site "?"]
[Date "2017.01.29"]
[Round "2.2"]
[White "Popov, Mikhail"]
[Black "Kokarev, Dmitry"]
[Result "1-0"]
[BlackElo "2651"]
[WhiteElo "2379"]
[LiveChessVersion "1.4.8"]

1. d4 Nf6 2. Bf4 g6 3. Nf3 Bg7 4. e3 O-O 5. Be2 d6 6. O-O b6 7. a4 a6 8. c4 Nc6
9. Nc3 Bf5 10. h3 Ne4 11. Nxe4 Bxe4 12. Nd2 Bf5 13. Bf3 Qe8 14. b4 Rb8 15. b5 Nb4
16. bxa6 Nxa6 17. a5 e5 18. axb6 exf4 19. Rxa6 fxe3 20. bxc7 Rc8 21. Nb3 Rxc7 22.
Re1 exf2+ 23. Kxf2 Qd8 24. Bd5 Qh4+ 25. Kf1 Be6 26. Qf3 Rxc4 27. Rxe6 Rc3 28.
Qxc3 fxe6+ 29. Bf3 e5 30. dxe5 Bxe5 31. Qd3 Kg7 32. Ra7+ Kh6 33. Qd2+ Bf4 34. Qd4
Re8 35. Qg7+ Kg5 36. Re7 Be3 37. Ke2 Qf2+ 38. Kd3 Rb8 39. h4+ Qxh4 40. Re5+ dxe5
41. Qe7+ 1-0

[Event "Moscow Open A,B"]
[Site "?"]
[Date "2017.01.29"]
[Round "2.3"]
[White "Grachev, Boris"]
[Black "Gorbatov, Alexej"]
[Result "1-0"]
[BlackElo "2374"]
[WhiteElo "2650"]
[LiveChessVersion "1.4.8"]

1. d4 g6 2. Nf3 Bg7 3. e4 d6 4. c3 Nc6 5. h3 Nf6 6. Bd3 e5 7. O-O
{[%clk 1:26:29]} O-O {[%clk 1:23:34]} 8. Re1 {[%clk 1:25:58]} Re8
{[%clk 1:17:44]} 9. Na3 {[%clk 1:21:49]} a6 {[%clk 1:15:08]} 10. Nc2
{[%clk 1:18:08]} h6 {[%clk 1:05:46]} 11. a4 {[%clk 1:07:50]} Kh7 {[%clk 1:01:22]}
12. a5 {[%clk 1:04:17]} Bd7 {[%clk 0:55:51]} 13. Ra3 {[%clk 0:58:16]} exd4
{[%clk 0:52:08]} 14. cxd4 {[%clk 0:57:28]} d5 {[%clk 0:52:18]} 15. e5
{[%clk 0:56:41]} Ne4 {[%clk 0:48:09]} 16. Bxe4 {[%clk 0:50:38]} dxe4
{[%clk 0:48:25]} 17. Rxe4 {[%clk 0:49:00]} Bf5 {[%clk 0:46:15]} 18. Re1
{[%clk 0:48:29]} Qd7 {[%clk 0:31:47]} 19. Ne3 {[%clk 0:44:41]} Be4
{[%clk 0:32:04]} 20. Nd2 {[%clk 0:41:30]} Bd5 {[%clk 0:31:55]} 21. Nb1
{[%clk 0:39:10]} f5 {[%clk 0:27:55]} 22. exf6 {[%clk 0:35:18]} Bxf6
{[%clk 0:28:18]} 23. Nc3 {[%clk 0:34:54]} Bf7 {[%clk 0:27:04]} 24. d5
{[%clk 0:29:56]} Nd4 {[%clk 0:27:00]} 25. Ng4 {[%clk 0:27:28]} Rxe1+
{[%clk 0:24:39]} 26. Qxe1 {[%clk 0:27:53]} Bg7 {[%clk 0:22:35]} 27. Bxh6
{[%clk 0:25:38]} Re8 {[%clk 0:22:39]} 28. Qd2 {[%clk 0:24:11]} Bh8
{[%clk 0:21:24]} 29. Bg5 {[%clk 0:22:41]} Bxd5 {[%clk 0:20:25]} 30. Bf6
{[%clk 0:21:43]} 1-0

[Event "Moscow Open A,B"]
[Site "?"]
[Date "2017.01.29"]
[Round "2.4"]
[White "Khismatullin, Denis"]
[Black "Gaifullin, Artur"]
[Result "1/2-1/2"]
[BlackElo "2373"]
[WhiteElo "2639"]
[LiveChessVersion "1.4.8"]

1. d4 {[%clk 1:27:55]} d5 {[%clk 1:30:55]} 2. Bf4 {[%clk 1:27:26]} Nf6
{[%clk 1:31:14]} 3. e3 {[%clk 1:27:51]} e6 {[%clk 1:30:26]} 4. Nf3
{[%clk 1:27:19]} Bd6 {[%clk 1:24:44]} 5. Bg3 {[%clk 1:27:04]} O-O
{[%clk 1:24:59]} 6. Nbd2 {[%clk 1:25:57]} b6 {[%clk 1:24:55]} 7. Bd3
{[%clk 1:13:05]} Bb7 {[%clk 1:15:52]} 8. c4 {[%clk 1:09:47]} c5 {[%clk 1:06:17]}
9. cxd5 {[%clk 1:06:01]} exd5 {[%clk 1:06:39]} 10. dxc5 {[%clk 1:02:24]} bxc5
{[%clk 1:06:39]} 11. O-O {[%clk 1:02:40]} Bxg3 {[%clk 1:04:36]} 12. hxg3
{[%clk 1:01:39]} Nbd7 {[%clk 1:05:02]} 13. Qc2 {[%clk 0:53:37]} Qb6
{[%clk 1:02:57]} 14. Rfd1 {[%clk 0:47:53]} Rfe8 {[%clk 1:00:31]} 15. Rac1
{[%clk 0:47:41]} g6 {[%clk 0:55:41]} 16. Nb1 {[%clk 0:42:55]} Rab8
{[%clk 0:50:27]} 17. Nc3 {[%clk 0:32:37]} Bc6 {[%clk 0:50:52]} 18. Rd2
{[%clk 0:29:58]} Qa5 {[%clk 0:45:33]} 19. b3 {[%clk 0:26:42]} Rbc8
{[%clk 0:42:23]} 20. Qd1 {[%clk 0:24:47]} d4 {[%clk 0:23:49]} 21. exd4
{[%clk 0:23:00]} Bxf3 {[%clk 0:24:12]} 22. gxf3 {[%clk 0:23:03]} cxd4
{[%clk 0:24:38]} 23. Ne4 {[%clk 0:22:07]} Rxc1 {[%clk 0:19:37]} 24. Qxc1
{[%clk 0:21:53]} Kg7 {[%clk 0:19:28]} 25. Kg2 {[%clk 0:14:13]} Rd8
{[%clk 0:16:29]} 26. Qb2 {[%clk 0:08:20]} Qe5 {[%clk 0:14:20]} 27. Re2
{[%clk 0:07:27]} Nc5 {[%clk 0:14:08]} 28. Nxc5 {[%clk 0:07:41]} Qxc5
{[%clk 0:14:33]} 29. Rc2 {[%clk 0:07:45]} Qe5 {[%clk 0:11:11]} 30. Qa3
{[%clk 0:07:13]} a5 {[%clk 0:10:59]} 31. Rc5 {[%clk 0:05:25]} Rd5
{[%clk 0:10:54]} 32. Rc8 {[%clk 0:05:03]} Qd6 {[%clk 0:09:53]} 33. Qxd6
{[%clk 0:02:50]} Rxd6 {[%clk 0:10:16]} 34. Ra8 {[%clk 0:03:19]} Rd5
{[%clk 0:09:11]} 35. Kf1 {[%clk 0:01:37]} Rc5 {[%clk 0:07:42]} 36. Ke2
{[%clk 0:01:14]} Nd5 {[%clk 0:07:42]} 37. a3 {[%clk 0:01:27]} Nc3+
{[%clk 0:03:03]} 38. Kd2 {[%clk 0:01:42]} Kf6 {[%clk 0:03:09]} 39. Ra6+
{[%clk 0:01:13]} Kg5 {[%clk 0:02:28]} 40. Ra7 {[%clk 0:30:53]} Kf6
{[%clk 0:31:20]} 41. Bc4 {[%clk 0:28:04]} a4 {[%clk 0:25:02]} 42. Rxf7+
{[%clk 0:08:11]} Kg5 {[%clk 0:25:30]} 43. f4+ {[%clk 0:07:00]} Kg4
{[%clk 0:24:58]} 44. Kd3 {[%clk 0:06:39]} axb3 {[%clk 0:23:12]} 45. Bxb3
{[%clk 0:07:02]} Kf3 {[%clk 0:19:52]} 46. Kxd4 {[%clk 0:06:13]} Rc8
{[%clk 0:20:20]} 47. f5 {[%clk 0:05:19]} g5 {[%clk 0:19:11]} 48. Rg7
{[%clk 0:03:45]} Kxf2 {[%clk 0:18:05]} 49. f6 {[%clk 0:03:50]} Nb5+
{[%clk 0:16:22]} 50. Ke5 {[%clk 0:04:10]} Re8+ {[%clk 0:15:11]} 51. Re7
{[%clk 0:04:06]} 1/2-1/2

[Event "Moscow Open A,B"]
[Site "?"]
[Date "2017.01.29"]
[Round "2.5"]
[White "Volkov, Sergey"]
[Black "Kanter, Eduard"]
[Result "1/2-1/2"]
[BlackElo "2370"]
[WhiteElo "2617"]
[LiveChessVersion "1.4.8"]

1. d4 {[%clk 1:30:57]} d5 {[%clk 1:29:02]} 2. c4 {[%clk 1:31:17]} e6
{[%clk 1:29:26]} 3. Nc3 {[%clk 1:30:59]} c5 {[%clk 1:29:50]} 4. cxd5
{[%clk 1:31:21]} exd5 {[%clk 1:30:14]} 5. Nf3 {[%clk 1:31:39]} Nc6
{[%clk 1:30:37]} 6. g3 {[%clk 1:31:49]} Nf6 {[%clk 1:30:58]} 7. Bg2
{[%clk 1:32:12]} Be7 {[%clk 1:31:23]} 8. O-O {[%clk 1:32:34]} O-O
{[%clk 1:31:50]} 9. dxc5 {[%clk 1:32:10]} Bxc5 {[%clk 1:31:43]} 10. b3
{[%clk 1:32:21]} Re8 {[%clk 1:11:54]} 11. Bb2 {[%clk 1:31:44]} Bg4
{[%clk 1:08:32]} 12. Rc1 {[%clk 1:28:51]} Bf8 {[%clk 1:08:08]} 13. h3 Bf5
{[%clk 0:58:09]} 14. Nd4 {[%clk 1:25:14]} Bg6 {[%clk 0:54:24]} 15. e3
{[%clk 1:23:47]} Nb4 {[%clk 0:49:24]} 16. Ba1 {[%clk 1:23:38]} Qa5
{[%clk 0:45:04]} 17. Qd2 {[%clk 1:13:34]} Nd3 {[%clk 0:45:11]} 18. Rcd1
{[%clk 1:13:43]} Bb4 {[%clk 0:42:02]} 19. Nc2 {[%clk 1:12:18]} Ne4
{[%clk 0:40:22]} 20. Bxe4 {[%clk 1:11:55]} dxe4 {[%clk 0:39:31]} 21. Nxb4
{[%clk 1:11:14]} Qxb4 {[%clk 0:39:48]} 22. Ne2 {[%clk 1:10:47]} Qb5
{[%clk 0:32:57]} 23. Kg2 {[%clk 1:05:17]} Rac8 {[%clk 0:31:40]} 24. Nd4
{[%clk 1:03:16]} Qd5 {[%clk 0:28:09]} 25. Qe2 {[%clk 1:02:08]} Bh5
{[%clk 0:25:53]} 26. g4 {[%clk 1:02:23]} Bg6 {[%clk 0:26:20]} 27. Rg1
{[%clk 1:01:03]} Qg5 {[%clk 0:24:32]} 28. Kh2 {[%clk 0:59:40]} Rc5
{[%clk 0:23:20]} 29. Qf1 {[%clk 0:55:50]} Qh4 {[%clk 0:16:58]} 30. Rg3
{[%clk 0:54:23]} Rec8 {[%clk 0:16:12]} 31. f4 {[%clk 0:49:14]} exf3
{[%clk 0:04:33]} 32. Rxd3 {[%clk 0:46:33]} Rc2+ {[%clk 0:03:54]} 33. Nxc2
{[%clk 0:46:51]} Rxc2+ {[%clk 0:04:22]} 34. Kh1 {[%clk 0:47:13]} Bxd3
{[%clk 0:04:03]} 35. Qxd3 {[%clk 0:47:31]} Rc1+ {[%clk 0:02:55]} 36. Kh2
{[%clk 0:47:40]} Rxa1 {[%clk 0:01:27]} 37. Qc2 {[%clk 0:47:26]} Qd8
{[%clk 0:00:42]} 38. Rxf3 {[%clk 0:47:43]} Rd1 {[%clk 0:00:55]} 39. Qf5
{[%clk 0:43:37]} Rd2+ {[%clk 0:01:07]} 40. Rf2 {[%clk 1:12:55]} Rd7
{[%clk 0:31:02]} 41. g5 {[%clk 1:12:39]} Qc7+ {[%clk 0:30:26]} 42. Qf4
{[%clk 1:12:09]} h6 {[%clk 0:20:56]} 43. gxh6 {[%clk 1:10:45]} g6
{[%clk 0:20:35]} 44. Kg3 {[%clk 1:07:49]} Kh7 {[%clk 0:20:50]} 45. e4
{[%clk 1:05:41]} Rd3+ {[%clk 0:17:46]} 46. Kg2 {[%clk 0:59:40]} Qxf4
{[%clk 0:18:10]} 47. Rxf4 {[%clk 1:00:06]} Rd7 {[%clk 0:18:37]} 48. Kf3
{[%clk 0:59:19]} Kxh6 {[%clk 0:18:53]} 49. e5 {[%clk 0:59:42]} Kg7
{[%clk 0:17:57]} 50. Ra4 {[%clk 0:55:32]} b6 {[%clk 0:18:24]} 51. Ke4
{[%clk 0:55:12]} Kf8 {[%clk 0:18:01]} 52. Rc4 {[%clk 0:53:03]} Rd2
{[%clk 0:17:34]} 53. a4 {[%clk 0:52:58]} Re2+ {[%clk 0:14:16]} 54. Kd4
{[%clk 0:52:17]} Rd2+ {[%clk 0:14:37]} 55. Ke4 {[%clk 0:51:26]} Re2+
{[%clk 0:14:47]} 56. Kd5 {[%clk 0:49:05]} Rd2+ {[%clk 0:10:48]} 57. Kc6
{[%clk 0:48:44]} Ke7 {[%clk 0:10:18]} 58. Rf4 {[%clk 0:36:44]} Rd3
{[%clk 0:08:02]} 59. b4 {[%clk 0:37:11]} Rxh3 {[%clk 0:07:16]} 60. Kb7
{[%clk 0:37:37]} g5 {[%clk 0:07:36]} 61. Rf5 {[%clk 0:35:56]} Ra3
{[%clk 0:06:32]} 62. Kxa7 {[%clk 0:31:17]} Rxa4+ 63. Kxb6 {[%clk 0:31:45]} Rxb4+
{[%clk 0:07:17]} 64. Kc5 {[%clk 0:32:13]} Rf4 {[%clk 0:04:07]} 65. Rxg5
{[%clk 0:32:23]} Ke6 {[%clk 0:04:37]} 66. Rh5 {[%clk 0:32:29]} Re4
{[%clk 0:05:00]} 67. Rh7 {[%clk 0:32:57]} Rxe5+ {[%clk 0:04:21]} 68. Kd4
{[%clk 0:33:25]} f6 {[%clk 0:04:26]} 69. Rh1 {[%clk 0:31:23]} Kf5
{[%clk 0:04:32]} 70. Rf1+ {[%clk 0:31:45]} Kg6 {[%clk 0:04:59]} 71. Rg1+
{[%clk 0:32:05]} Rg5 {[%clk 0:05:25]} 72. Rf1 {[%clk 0:32:07]} Rg3
{[%clk 0:05:52]} 73. Ke4 {[%clk 0:32:31]} Kg5 {[%clk 0:06:08]} 74. Rf5+
{[%clk 0:32:58]} Kg6 {[%clk 0:06:34]} 75. Ra5 {[%clk 0:33:14]} Rg5
{[%clk 0:06:42]} 76. Ra8 {[%clk 0:33:40]} Rg4+ {[%clk 0:07:07]} 77. Kf3
{[%clk 0:34:06]} Rb4 {[%clk 0:07:31]} 78. Ra5 {[%clk 0:34:32]} f5
{[%clk 0:07:58]} 79. Ra8 {[%clk 0:35:00]} Rb3+ {[%clk 0:08:20]} 80. Kf4
{[%clk 0:35:28]} Rb4+ {[%clk 0:08:45]} 81. Kf3 {[%clk 0:35:56]} Kg5
{[%clk 0:09:10]} 82. Rg8+ {[%clk 0:36:22]} Kf6 {[%clk 0:09:38]} 83. Rf8+
{[%clk 0:36:35]} Kg6 {[%clk 0:10:07]} 84. Rg8+ {[%clk 0:36:55]} Kf7
{[%clk 0:10:36]} 85. Ra8 {[%clk 0:37:20]} Re4 {[%clk 0:10:56]} 86. Rb8
{[%clk 0:37:44]} Kf6 {[%clk 0:11:18]} 87. Rf8+ {[%clk 0:38:07]} Ke6
{[%clk 0:11:40]} 88. Re8+ {[%clk 0:38:33]} Kd5 {[%clk 0:12:08]} 89. Rd8+
{[%clk 0:38:15]} Ke5 {[%clk 0:12:32]} 90. Re8+ {[%clk 0:38:41]} Kd5
{[%clk 0:12:58]} 91. Rd8+ {[%clk 0:39:09]} Ke5 {[%clk 0:13:09]} 92. Re8+
{[%clk 0:39:35]} Kd5 {[%clk 0:13:36]} 93. Rd8+ {[%clk 0:40:02]} Ke5
{[%clk 0:14:05]} 94. Re8+ {[%clk 0:40:29]} Kd5 {[%clk 0:14:31]} 95. Rd8+
{[%clk 0:40:56]} Ke5 {[%clk 0:14:59]} 96. Re8+ {[%clk 0:41:23]} Kd5
{[%clk 0:15:26]} 97. Rd8+ {[%clk 0:41:51]} Ke5 {[%clk 0:15:51]} 98. Re8+
{[%clk 0:42:19]} Kd5 {[%clk 0:16:19]} 99. Rd8+ {[%clk 0:42:46]} Ke5
{[%clk 0:16:47]} 100. Re8+ {[%clk 0:43:13]} Kd4 {[%clk 0:17:11]} 101. Rd8+
{[%clk 0:43:40]} Kc5 {[%clk 0:17:36]} 102. Rf8 {[%clk 0:44:07]} Re5
{[%clk 0:18:02]} 103. Kf4 {[%clk 0:44:34]} Rd5 {[%clk 0:18:29]} 104. Rxf5
{[%clk 0:45:01]} Kd4 {[%clk 0:18:57]} 105. Rxd5+ {[%clk 0:45:27]} Kxd5
{[%clk 0:19:24]} 106. Ke4+ {[%clk 0:44:49]} 1/2-1/2

[Event "Moscow Open A,B"]
[Site "?"]
[Date "2017.01.29"]
[Round "2.6"]
[White "Saveliev, Alexei"]
[Black "Vavulin, Maksim"]
[Result "1-0"]
[BlackElo "2604"]
[WhiteElo "2379"]
[LiveChessVersion "1.4.8"]

1. e4 g6 2. d4 Bg7 3. c3 d6 4. Na3 Nf6 5. Bd3 e5 6. dxe5 dxe5 7. Nf3 Nbd7 8. O-O
O-O 9. Qe2 Qe7 10. Nc4 b6 11. b3 Bb7 12. Ba3 c5 13. Nfd2 Rfd8 14. Rfd1 Nf8 15. f3
Ne6 16. g3 Nh5 17. Nf1 f5 18. Bc2 Nhf4 19. gxf4 Nxf4 20. Qe1 Qg5+ 21. Ng3 h5 22.
Nd6 Rxd6 23. Rxd6 h4 24. Rad1 hxg3 25. hxg3 Rf8 26. Bc1 fxe4 27. Bxf4 exf4 28.
Bxe4 Bxe4 29. Qxe4 Qxg3+ 30. Kf1 Rf5 31. R1d5 Qh3+ 32. Ke2 Qg2+ 33. Kd3 Rxd5+ 34.
Qxd5+ Kh7 35. Qe4 b5 36. Qxf4 c4+ 37. bxc4 bxc4+ 38. Ke4 Qh3 39. Kd5 Qh5+ 40.
Kxc4 Qh1 41. Qe4 Qf1+ 42. Qd3 Qg2 43. Kb3 a5 44. a4 Qg1 45. Kc4 Qg2 46. Kb5 Qb2+
47. Ka6 Qg2 48. c4 Qg5 49. c5 1-0

[Event "Moscow Open A,B"]
[Site "?"]
[Date "2017.01.29"]
[Round "2.7"]
[White "Rozum, Ivan"]
[Black "Yeletsky, Ivan"]
[Result "1/2-1/2"]
[BlackElo "2369"]
[WhiteElo "2601"]
[LiveChessVersion "1.4.8"]

1. d4 {[%clk 1:30:57]} d5 {[%clk 1:29:33]} 2. c4 {[%clk 1:31:04]} c6
{[%clk 1:29:52]} 3. e3 {[%clk 1:31:05]} Nf6 {[%clk 1:29:58]} 4. Nc3
{[%clk 1:29:34]} e6 {[%clk 1:28:22]} 5. Nf3 {[%clk 1:29:58]} a6 {[%clk 1:27:53]}
6. b3 {[%clk 1:26:01]} Bb4 {[%clk 1:28:06]} 7. Bd2 {[%clk 1:25:13]} Nbd7
{[%clk 1:28:11]} 8. Bd3 {[%clk 1:24:50]} O-O {[%clk 1:28:19]} 9. O-O
{[%clk 1:24:30]} Qe7 {[%clk 1:28:31]} 10. Rc1 {[%clk 1:06:00]} h6
{[%clk 1:21:45]} 11. Re1 {[%clk 0:48:33]} a5 {[%clk 1:18:17]} 12. e4
{[%clk 0:46:29]} dxc4 {[%clk 1:13:30]} 13. bxc4 {[%clk 0:45:34]} e5
{[%clk 1:13:47]} 14. d5 {[%clk 0:36:10]} Nc5 {[%clk 1:12:14]} 15. Qe2
{[%clk 0:36:23]} Bg4 {[%clk 1:10:21]} 16. h3 {[%clk 0:34:55]} Bh5
{[%clk 1:04:06]} 17. Qe3 {[%clk 0:34:59]} Nfd7 {[%clk 0:52:26]} 18. Nh2
{[%clk 0:32:32]} Bg6 {[%clk 0:49:14]} 19. Nf1 {[%clk 0:31:50]} Nxd3
{[%clk 0:43:43]} 20. Qxd3 {[%clk 0:32:16]} Nc5 {[%clk 0:43:58]} 21. Qf3
{[%clk 0:30:32]} Qf6 {[%clk 0:30:51]} 22. Qe3 {[%clk 0:26:34]} Bxc3
{[%clk 0:25:51]} 23. Bxc3 {[%clk 0:27:00]} Nxe4 {[%clk 0:26:12]} 24. Bb2
{[%clk 0:27:15]} cxd5 {[%clk 0:25:41]} 25. cxd5 {[%clk 0:27:41]} Qd8
{[%clk 0:26:03]} 26. Red1 {[%clk 0:23:50]} Re8 {[%clk 0:24:42]} 27. Ba3
{[%clk 0:19:23]} Ra6 {[%clk 0:20:52]} 28. Qb3 {[%clk 0:16:01]} Qd7
{[%clk 0:19:32]} 29. Ne3 {[%clk 0:15:33]} Bh5 {[%clk 0:18:09]} 30. f3
{[%clk 0:13:53]} Nd6 {[%clk 0:12:37]} 31. g4 {[%clk 0:12:57]} Bg6
{[%clk 0:12:39]} 32. Rc5 {[%clk 0:12:41]} Kh7 {[%clk 0:09:39]} 33. Rdc1
{[%clk 0:12:57]} Qd8 {[%clk 0:08:41]} 34. Ng2 {[%clk 0:08:57]} b5
{[%clk 0:07:07]} 35. Rc6 {[%clk 0:07:24]} Rxc6 {[%clk 0:06:49]} 36. dxc6
{[%clk 0:07:06]} b4 {[%clk 0:04:00]} 37. Bb2 {[%clk 0:05:18]} Nb5
{[%clk 0:03:46]} 38. Qc4 {[%clk 0:04:58]} Nc7 {[%clk 0:03:35]} 39. Qc5
{[%clk 0:01:19]} Qd2 {[%clk 0:03:34]} 40. Qf2 {[%clk 0:31:28]} Qd6
{[%clk 0:31:49]} 41. Qc5 {[%clk 0:27:10]} Qd2 {[%clk 0:32:06]} 42. Qf2
{[%clk 0:27:31]} Qd3 {[%clk 0:24:39]} 43. Qe3 {[%clk 0:20:01]} Qd5
{[%clk 0:24:52]} 44. a3 {[%clk 0:19:55]} Qa2 {[%clk 0:24:11]} 45. Qf2
{[%clk 0:16:51]} bxa3 {[%clk 0:24:25]} 46. Ba1 {[%clk 0:16:21]} Qe6
{[%clk 0:17:00]} 47. Qb6 {[%clk 0:15:09]} Nd5 {[%clk 0:16:35]} 48. Qxa5
{[%clk 0:15:31]} e4 {[%clk 0:14:54]} 49. f4 {[%clk 0:15:01]} f5 {[%clk 0:14:16]}
50. Rc5 {[%clk 0:14:12]} Bf7 {[%clk 0:13:31]} 51. c7 {[%clk 0:09:25]} fxg4
{[%clk 0:13:02]} 52. Rxd5 {[%clk 0:07:16]} gxh3 {[%clk 0:10:23]} 53. Ne3
{[%clk 0:06:19]} Qg6+ {[%clk 0:10:01]} 54. Kh2 {[%clk 0:06:48]} Bxd5
{[%clk 0:08:28]} 55. Qxd5 {[%clk 0:07:16]} Qa6 {[%clk 0:06:38]} 56. Qf5+
{[%clk 0:07:25]} Kh8 {[%clk 0:05:58]} 57. Qg4 {[%clk 0:07:06]} Rg8
{[%clk 0:06:23]} 58. Kxh3 {[%clk 0:03:43]} Qd3 {[%clk 0:03:52]} 59. c8=Q
{[%clk 0:03:14]} Qxe3+ {[%clk 0:04:17]} 60. Kh4 {[%clk 0:03:36]} Qe1+
{[%clk 0:04:42]} 61. Kh5 {[%clk 0:03:52]} Qxa1 {[%clk 0:04:52]} 62. Qc4
{[%clk 0:02:20]} a2 {[%clk 0:02:30]} 63. Qxg8+ {[%clk 0:01:00]} Kxg8
{[%clk 0:02:56]} 64. Qe6+ {[%clk 0:01:25]} Kf8 {[%clk 0:03:12]} 65. Qd6+
{[%clk 0:01:39]} Kf7 {[%clk 0:03:19]} 66. Qd7+ {[%clk 0:01:38]} Kf6
{[%clk 0:03:39]} 67. Qd6+ {[%clk 0:01:20]} Kf5 {[%clk 0:03:44]} 68. Qc5+
{[%clk 0:01:22]} Kxf4 {[%clk 0:03:22]} 69. Qf2+ {[%clk 0:01:49]} Ke5
{[%clk 0:03:47]} 70. Qc5+ {[%clk 0:02:15]} Kf6 {[%clk 0:03:33]} 71. Qf8+
{[%clk 0:02:01]} Ke6 {[%clk 0:03:51]} 72. Qe8+ {[%clk 0:02:17]} Kf5
{[%clk 0:03:21]} 73. Qg6+ {[%clk 0:02:17]} Kf4 {[%clk 0:03:44]} 74. Qg4+
{[%clk 0:02:41]} Ke3 {[%clk 0:04:09]} 75. Qg3+ {[%clk 0:03:02]} Ke2
{[%clk 0:04:24]} 76. Qg2+ {[%clk 0:02:24]} Kd3 {[%clk 0:04:45]} 77. Qh3+
{[%clk 0:02:47]} e3 {[%clk 0:03:16]} 78. Qf5+ {[%clk 0:03:13]} Kd4
{[%clk 0:03:28]} 79. Qd7+ {[%clk 0:03:12]} Kc4 {[%clk 0:03:33]} 80. Qe6+
{[%clk 0:03:05]} Kd3 {[%clk 0:02:33]} 81. Qf5+ {[%clk 0:03:30]} Ke2
{[%clk 0:02:32]} 82. Qb5+ {[%clk 0:03:01]} Kf3 {[%clk 0:02:06]} 83. Qf5+
{[%clk 0:02:44]} Kg3 {[%clk 0:02:22]} 84. Qg4+ {[%clk 0:02:53]} Kf2
{[%clk 0:02:47]} 85. Qh4+ {[%clk 0:02:44]} Ke2 {[%clk 0:02:46]} 86. Qc4+
{[%clk 0:02:40]} Ke1 {[%clk 0:02:46]} 87. Qb4+ {[%clk 0:03:00]} Kd1
{[%clk 0:03:00]} 88. Qb3+ {[%clk 0:03:08]} Kd2 {[%clk 0:02:55]} 89. Qd5+
{[%clk 0:03:28]} Ke2 {[%clk 0:01:44]} 90. Qc4+ {[%clk 0:03:24]} Ke1
{[%clk 0:01:43]} 91. Qb4+ {[%clk 0:04:10]} Kd1 {[%clk 0:02:06]} 92. Qb3+
{[%clk 0:04:28]} Kd2 {[%clk 0:01:19]} 93. Qd5+ {[%clk 0:04:53]} Ke2
{[%clk 0:01:10]} 1/2-1/2